| 000 | 00720cam a2200253 i 4500 | ||
|---|---|---|---|
| 001 | 13021 | ||
| 003 | BD-RjUL | ||
| 005 | 20211208235407.0 | ||
| 008 | 140130r19851978enka b 001 0 eng | ||
| 020 | _a0582441285 : | ||
| 035 | _a(BD-RjUL) | ||
| 040 |
_aDLC _cDLC _dDLC _dBD-RjUL _beng |
||
| 041 | _aeng | ||
| 082 | 0 | 0 |
_a571.32 _bCUA |
| 100 | 1 |
_aCutler, D. F. _q(David Frederick), _d1939- _940577 |
|
| 245 | 1 | 0 |
_aApplied plant anatomy / _cD. F. Cutler. |
| 260 |
_aLondon ; _aNew York : _bLongman, _c1978.[reprinted1985] |
||
| 300 |
_a103 p. : _bill. ; _c25 cm. |
||
| 504 | _aIncludes bibliographies and index. | ||
| 650 | 0 |
_aPlant anatomy. _938433 |
|
| 942 |
_2ddc _cBK |
||
| 999 |
_c13021 _d13021 |
||